000 00300nam a2200133Ia 4500
008 231129s1974||||xx |||||||||||||| ||spa||
040 _bspa
082 _a923.58 P855b
100 _aPosada Eduardo
245 0 _aBiografia de Cordoba
260 _c1974
264 _aBanco Popular
942 _2ddc
_cBKS
999 _c6182
_d6182